<?xml version="1.0" encoding="UTF-8"?>
<collection xmlns="http://www.loc.gov/MARC21/slim">
<record>
  <controlfield tag="001">170690</controlfield>
  <controlfield tag="005">20260429150229.0</controlfield>
  <datafield tag="037" ind1=" " ind2=" ">
    <subfield code="a">TAZ-TFG-2026-360</subfield>
  </datafield>
  <datafield tag="041" ind1=" " ind2=" ">
    <subfield code="a">spa</subfield>
  </datafield>
  <datafield tag="100" ind1="1" ind2=" ">
    <subfield code="a">Álvaro Oncíns Pallás</subfield>
  </datafield>
  <datafield tag="242" ind1="0" ind2="0">
    <subfield code="a">Taxation of Crypto Assets in Spain</subfield>
  </datafield>
  <datafield tag="245" ind1="0" ind2="0">
    <subfield code="a">Tributación de criptoactivos en España</subfield>
  </datafield>
  <datafield tag="260" ind1=" " ind2=" ">
    <subfield code="a">Zaragoza</subfield>
    <subfield code="b">Universidad de Zaragoza</subfield>
    <subfield code="c">2026</subfield>
  </datafield>
  <datafield tag="506" ind1=" " ind2=" ">
    <subfield code="a">by-nc-sa</subfield>
    <subfield code="b">Creative Commons</subfield>
    <subfield code="c">3.0</subfield>
    <subfield code="u">http://creativecommons.org/licenses/by-nc-sa/3.0/</subfield>
  </datafield>
  <datafield tag="520" ind1=" " ind2=" ">
    <subfield code="a">Este Trabajo de Fin de Grado analiza el conocimiento fiscal-financiero de los hogares españoles en relación con la operativa en criptoactivos y los factores socioeconómicos asociados, así como los costes de cumplimiento derivados de la complejidad del sistema tributario. El estudio se sitúa en un contexto de creciente utilización de criptoactivos y de refuerzo de las obligaciones fiscales e informativas.&lt;br />El análisis empírico se basa en microdatos de la Encuesta Financiera de las Familias (EFF 2022). A partir de estos datos se construye un índice proxy de conocimiento fiscal- financiero y se estima un modelo de regresión lineal para analizar su relación con variables como el nivel educativo, la experiencia financiera, la edad y la renta del hogar. Los resultados muestran que estas características se asocian positivamente con el nivel de conocimiento fiscal-financiero, evidenciando una elevada heterogeneidad entre contribuyentes.&lt;br />De forma complementaria, el trabajo incorpora un análisis exploratorio de los costes administrativos asociados a la operativa con criptoactivos, utilizando datos de una consultoría especializada. La evidencia sugiere que una mayor complejidad operativa se traduce en mayores costes de cumplimiento. En conjunto, los resultados apuntan a la necesidad de reducir la complejidad fiscal y los costes administrativos para facilitar el cumplimiento voluntario en el ámbito de la economía digital.&lt;br />&lt;br /></subfield>
  </datafield>
  <datafield tag="521" ind1=" " ind2=" ">
    <subfield code="a">Graduado en Economía</subfield>
  </datafield>
  <datafield tag="540" ind1=" " ind2=" ">
    <subfield code="a">Derechos regulados por licencia Creative Commons</subfield>
  </datafield>
  <datafield tag="856" ind1="0" ind2=" ">
    <subfield code="f">844610@celes.unizar.es</subfield>
  </datafield>
  <datafield tag="856" ind1="4" ind2=" ">
    <subfield code="s">1536811</subfield>
    <subfield code="u">http://zaguan.unizar.es/record/170690/files/TAZ-TFG-2026-360.pdf</subfield>
    <subfield code="y">Memoria (spa)</subfield>
  </datafield>
  <datafield tag="909" ind1="C" ind2="O">
    <subfield code="o">oai:zaguan.unizar.es:170690</subfield>
    <subfield code="p">driver</subfield>
    <subfield code="p">trabajos-fin-grado</subfield>
  </datafield>
  <datafield tag="950" ind1=" " ind2=" ">
    <subfield code="a"></subfield>
  </datafield>
  <datafield tag="691" ind1=" " ind2=" ">
    <subfield code="a">0</subfield>
  </datafield>
  <datafield tag="692" ind1=" " ind2=" ">
    <subfield code="a"></subfield>
  </datafield>
  <datafield tag="700" ind1=" " ind2=" ">
    <subfield code="a">Vallés Giménez, Jaime</subfield>
    <subfield code="e">dir.</subfield>
  </datafield>
  <datafield tag="710" ind1="2" ind2=" ">
    <subfield code="a">Universidad de Zaragoza</subfield>
    <subfield code="b">Economía aplicada</subfield>
    <subfield code="c"></subfield>
  </datafield>
  <datafield tag="980" ind1=" " ind2=" ">
    <subfield code="a">TAZ</subfield>
    <subfield code="b">TFG</subfield>
    <subfield code="c">ECON</subfield>
  </datafield>
  <datafield tag="999" ind1=" " ind2=" ">
    <subfield code="a">20260209235922.CREATION_DATE</subfield>
  </datafield>
  <datafield tag="951" ind1=" " ind2=" ">
    <subfield code="a">deposita:2026-04-29</subfield>
  </datafield>
</record>
</collection>